000 01021nam a22003017i 4500
003 EG-GICUC
005 20260121101508.0
008 251216s1955 fr ||||fr|||| 001 0 fre d
040 _aEG-GiCUC
_bfre
_cEG-GiCUC
_dEG-GiCUC
_eRda
041 _afre
082 0 4 _221
_a341.23
_bYA . O
092 0 4 _221
099 _aLaw1 11 341.23 YA . O 1955
100 1 _aYakemtchou, Romain
_eAuteur
245 1 2 _aL’o.n.u. La Sécurité Régionale Et Le Problème Du Régionalisme /
_cRomain Yakemtchou.
264 1 _aparis ؛
_bEdition A. pedone،
_c1955.
300 _a310 page ;
_c 24 cm.
336 _2rda contenu
_a texte
337 _2rda medias
_aOrdinateur
338 _2 transporteur rda
_a Ressource en ligne
504 _aInclude Bibliography And Bibliographic references
546 _aTexte en français
650 1 4 _aDroit international public
_xDroit international public
_2qrmak
651 1 _2qrmak
856 4 0 _uhttps://fll.law.cu.edu.eg/fulltext/bks/B11-05064.pdf
905 _a75
942 _2ddc
_cBK
_e21
_n0
999 _c50755
_d50755